| 000 | 00612nam a22001937a 4500 | ||
|---|---|---|---|
| 003 | 0 | ||
| 005 | 20260204153423.0 | ||
| 008 | 260204b xxu||||| |||| 00| 0 eng d | ||
| 020 | _a978-1-934068-50-2 | ||
| 050 |
_aFIC _bDa249 2007 |
||
| 082 |
_aFIC _bDa249 2007 |
||
| 100 | _aDavis, Pam | ||
| 245 |
_aSydney Clair's season of change : _ba friendship story _cPam Davis. |
||
| 260 |
_aColorado Springs, CO : _bAuthentic Publishing, _c2007. |
||
| 300 |
_a77 pages : _bcolored illustrations ; _c23 cm. |
||
| 650 |
_aFriendship _vJuvenile fiction. |
||
| 650 |
_aAfrican Americans _vJuvenile fiction. |
||
| 942 |
_2ddc _cBK |
||
| 999 |
_c368789 _d368789 |
||